| 000 | 00725nam a2200253 c 4500 | ||
|---|---|---|---|
| 001 | a5329672 | ||
| 003 | CO-ViMGA | ||
| 005 | 20230915233138.0 | ||
| 008 | 130314s2013 sp | |||| 000 f spa | ||
| 020 | _a9788493856953 | ||
| 040 |
_aCO-ViMGA _bspa _cCO-ViMGA |
||
| 041 | 1 | _heng | |
| 082 | 0 | 4 |
_a813.6 _bH24p |
| 100 | 1 |
_aHeinz, W. C. _94112 |
|
| 240 | 1 | 4 |
_aThe professional _lEspaƱol |
| 245 | 1 | 3 |
_aEl profesional _cW.C. Heinz ; traduccion de Ricardo Garcia Perez |
| 260 |
_a[Madrid] _bGallo Nero _c2013 |
||
| 300 |
_a381 p. _c19 cm |
||
| 490 | 0 |
_aNarrativas Gallo Nero _v15 |
|
| 650 | 1 | 4 |
_aBoxeo _vNovela _94113 |
| 650 | 1 | 4 |
_aNovela estadounidense _92233 |
| 700 | 1 |
_aGarcia Perez, Ricardo _d1966- _94114 |
|
| 942 |
_2ddc _cBK |
||
| 999 |
_c35670 _d35670 |
||